00485nam a2200181Ia 450000500170000000800410001702000150005808200130007310000130008624500190009925000080011826000400012630000130016665000080017994200060018795200950019399900150028820250624032446.0240331s9999 xx 000 0 und d a9559763504 bPIEa340 aPieris,R 0aNeethiya obata a3rd aColombobLegal Aid Commissionc2001 a100 p ., aLaw cL 001040708LaWERCLbWERCLcSSCd2024-03-31l0o 340 PIEp4790r2024-03-31w2024-03-31yL c5093d5093